MARC

LEADER 00000nam0a2200000 4500
001 213843
005 20231031193416.0
010 |a 9785978105469 
035 |a (RuTPU)RU\TPU\book\233678 
090 |a 213843 
100 |a 20120418d2011 c y0rusy50 ca 
101 0 |a rus 
102 |a RU 
105 |a a z 000ay 
200 1 |a Трям! Здравствуйте!  |f С. Г. Козлов 
210 |a Москва  |c Самовар  |d 2011 
215 |a 103 с.  |c ил. 
225 1 |a Наши любимые мультфильмы 
610 1 |a детская литература 
610 1 |a рассказы 
675 |a Р2  |v 3 
700 1 |a Козлов  |b С. Г.  |g Сергей Григорьевич 
801 1 |a RU  |b 63413507  |c 20120418 
801 2 |a RU  |b 63413507  |c 20120428  |g RCR 
942 |c BK